[Event "Sardinia World Open A"]
[Site "Orosei ITA"]
[Date "2025.04.29"]
[Round "4.37"]
[White "Beliman, Alexandro"]
[Black "Felix, Raphael"]
[Result "1-0"]
[BlackTitle "CM"]
[WhiteElo "2152"]
[BlackElo "2038"]
[WhiteFideId "28512413"]
[BlackFideId "14339544"]
[EventDate "2025.04.27"]

1. d4 d5 2. Nf3 Nf6 3. c4 e6 4. g3 dxc4 5. Bg2 a6 6. O-O Be7 7. Ne5 O-O 8. Nxc4
Nbd7 9. Nc3 Rb8 10. e4 c6 11. e5 Ne8 12. f4 b5 13. Ne3 Bb7 14. b3 Nb6 15. Ne4
Qc7 16. Qc2 Rc8 17. Nc5 Nd5 18. Nxd5 cxd5 19. b4 a5 20. a3 Bxc5 21. bxc5 f5 22.
Rf3 Bc6 23. Bf1 g6 24. h3 Qd7 25. Bd2 Ra8 26. Bd3 Ng7 27. Kh2 Kh8 28. g4 Rfb8
29. Rb1 Rb7 30. Rff1 Qc7 31. Rb2 Rab8 32. Rfb1 Qd8 33. g5 Kg8 34. Qd1 Qc7 35.
Qe2 b4 36. axb4 axb4 37. Rxb4 Rxb4 38. Bxb4 Qa7 39. Kg3 Nh5+ 40. Kf3 Qa4 41. Qb2
Ra8 42. Bc3 Kf7 43. Qb6 Bd7 44. Ra1 Qc6 45. Bb5 Qxb6 46. cxb6 Rc8 47. b7 Rb8 48.
Bxd7 Rxb7 49. Ba4 Rc7 50. Ra3 h6 51. h4 hxg5 52. hxg5 Rb7 53. Rb3 Ra7 54. Bc6
Ra2 55. Rb7+ Kg8 56. Bb2 Ra6 57. Be8 Ra8 58. Bf7+ Kh8 59. Bxe6 Rd8 60. Rb5 Ng7
61. Bxd5 Rc8 62. Bb3 Rc7 63. d5 Kh7 64. d6 Ra7 65. Bd5 Ra6 66. d7 Ne6 67. Bxe6
Ra8 68. Bd5 Rd8 69. Bc6 Kg7 70. Ra5 1-0

[Event "Sardinia World Open A"]
[Site "Orosei ITA"]
[Date "2025.04.29"]
[Round "4.38"]
[White "Vardi, Daniel"]
[Black "Gut, Raphael"]
[Result "0-1"]
[WhiteElo "2049"]
[BlackElo "2150"]
[WhiteFideId "2849127"]
[BlackFideId "1339974"]
[EventDate "2025.04.27"]

1. e4 c5 2. Nf3 d6 3. d4 cxd4 4. Nxd4 Nf6 5. Nc3 a6 6. Be3 e5 7. Nb3 Be7 8. f3
Be6 9. Qd2 O-O 10. O-O-O Nbd7 11. g4 b5 12. g5 Nh5 13. Kb1 Nb6 14. Na5 Qc7 15.
Bxb6 Qxb6 16. Nd5 Bxd5 17. exd5 Nf4 18. h4 Nxd5 19. Qxd5 Qxa5 20. Bd3 Qb4 21. c3
Qf4 22. Qb7 Rfe8 23. Be4 Rab8 24. Qxa6 Bf8 25. Qa7 b4 26. c4 b3 27. a3 Rbc8 28.
Rhg1 Rc5 29. Qb7 Rec8 30. Qxb3 Rxc4 31. Ka2 R4c7 32. h5 Kh8 33. g6 fxg6 34. hxg6
h6 35. Rg2 Be7 36. Rh1 Bg5 37. Rh5 Bf6 38. Rf5 Qh4 39. Rg4 Qe1 40. Rxf6 Rc1 41.
Qd3 Ra1+ 42. Kb3 Rb8+ 43. Kc4 Rc1+ 44. Kd5 Rd1 45. Rxd6 Qa5+ 46. Ke6 Rxd3 47.
Bxd3 Qc5 48. Be4 Re8+ 49. Kf7 Qc8 50. Bc6 Rf8+ 51. Ke7 Qc7+ 52. Bd7 Qd8+ 53. Ke6
Qf6+ 54. Kd5 Qxf3+ 55. Kxe5 Qe2+ 56. Kd5 Qxb2 57. a4 Qb3+ 58. Ke5 Qe3+ 59. Kd5
Qb3+ 60. Ke5 Qc3+ 61. Kd5 Qa5+ 62. Bb5 Qd2+ 63. Rd4 Qg2+ 64. Kc5 Rc8+ 65. Kb6
Qa8 66. R4d5 Qb8+ 67. Ka5 Qc7+ 68. Rb6 Qc3+ 69. Ka6 Ra8+ 70. Kb7 Qc8# 0-1

[Event "Sardinia World Open A"]
[Site "Orosei ITA"]
[Date "2025.04.29"]
[Round "4.39"]
[White "Alaime, Maxime"]
[Black "Markuszewski, Maksymilian"]
[Result "1-0"]
[WhiteElo "2029"]
[BlackElo "2147"]
[WhiteFideId "36045403"]
[BlackFideId "651018306"]
[EventDate "2025.04.27"]

1. Nf3 d5 2. g3 g6 3. Bg2 Bg7 4. O-O e5 5. d3 Nc6 6. Nc3 d4 7. Ne4 Nge7 8. c3 h6
9. cxd4 exd4 10. Qc2 O-O 11. Bd2 a5 12. Rfc1 Rb8 13. a3 Nd5 14. b4 f5 15. Nc5
axb4 16. axb4 Nce7 17. Nb3 Be6 18. Nfxd4 Bf7 19. e4 Nb6 20. Bc3 fxe4 21. dxe4
Nc4 22. Rd1 Qe8 23. Nc5 Nc8 24. Ne2 N8d6 25. Bxg7 Kxg7 26. Nf4 b6 27. Nb3 g5 28.
Nd5 Bxd5 29. exd5 Rf6 30. Nd4 Ra8 31. Ne6+ Rxe6 32. dxe6 Rxa1 33. Rxa1 Qxe6 34.
Qc3+ Kg6 35. Re1 Qf5 36. Qh8 Nd2 37. Qg8+ Kh5 38. h3 Nf3+ 39. Bxf3+ Qxf3 40. Re6
Qd1+ 41. Kh2 1-0

[Event "Sardinia World Open A"]
[Site "Orosei ITA"]
[Date "2025.04.30"]
[Round "5.1"]
[White "Mendonca, Leon Luke"]
[Black "Yoo, Christopher Woojin"]
[Result "0-1"]
[WhiteTitle "GM"]
[BlackTitle "GM"]
[WhiteElo "2643"]
[BlackElo "2588"]
[WhiteFideId "35028561"]
[BlackFideId "30909694"]
[EventDate "2025.04.27"]

1. d4 Nf6 2. Nf3 d5 3. c4 e6 4. g3 Be7 5. Bg2 O-O 6. O-O dxc4 7. Qc2 b5 8. a4
Bb7 9. axb5 a6 10. Nc3 axb5 11. Rxa8 Bxa8 12. Nxb5 Bd5 13. Bf4 c5 14. dxc5 Qa5
15. Nc3 Qxc5 16. Be3 Qc7 17. Rd1 Nc6 18. Bf4 Qb6 19. Nxd5 exd5 20. Ne5 Nd4 21.
Be3 Bc5 22. Qd2 Ne6 23. Bxc5 Qxc5 24. e3 Rb8 25. h3 h5 26. Qc2 Qc7 27. Nf3 Qb6
28. Rd2 g6 29. Ne5 Qc7 30. Nxg6 fxg6 31. Qxg6+ Qg7 32. Qf5 Nc7 33. e4 Qh6 34.
Rc2 Rxb2 35. Rxb2 Qc1+ 36. Kh2 Qxb2 37. e5 Nfe8 38. h4 Qd4 39. Qg5+ Kf8 40. Qf5+
Ke7 41. Bh3 Qe4 42. Qg5+ Kf7 43. Qxh5+ Qg6 44. Qf3+ Kg8 45. Bf5 Qf7 46. Kg2 d4
47. h5 d3 48. Bxd3 cxd3 49. Qxd3 Qxh5 50. Qc4+ Kg7 51. Qd4 Qf5 52. g4 Qe6 53.
Kg3 Qc6 54. f4 Ne6 55. Qe3 N8c7 56. f5 Nd5 57. Qa7+ Nec7 58. Qd4 Qc1 59. Qe4
Qg1+ 60. Kh3 Kf8 61. e6 Nf6 62. Qb4+ Kg8 63. Qb8+ Nce8 64. Qg3 Qh1+ 65. Qh2 Qe4
66. Qg2 Qd3+ 67. Qg3 Qd1 68. Qf4 Kh7 69. Kg2 Nxg4 70. Qb4 Nef6 71. Qf4 Qe2+ 72.
Kg1 Qe1+ 73. Qf1 Qe3+ 74. Kg2 Qd2+ 75. Kg3 Qg5 76. Qh1+ Nh5+ 77. Kf3 Qxf5+ 78.
Ke2 Qc2+ 0-1

[Event "Sardinia World Open A"]
[Site "Orosei ITA"]
[Date "2025.04.30"]
[Round "5.2"]
[White "Travadon, Loic"]
[Black "Narayanan, S.L."]
[Result "1-0"]
[WhiteTitle "IM"]
[BlackTitle "GM"]
[WhiteElo "2451"]
[BlackElo "2601"]
[WhiteFideId "26092131"]
[BlackFideId "5058422"]
[EventDate "2025.04.27"]

1. e4 e5 2. Nf3 Nc6 3. Bb5 a6 4. Ba4 Nf6 5. O-O Be7 6. Re1 b5 7. Bb3 O-O 8. a4
Rb8 9. axb5 axb5 10. Nc3 d6 11. Nd5 Nxd5 12. Bxd5 Nb4 13. Bb3 c5 14. d3 Na6 15.
c3 Nc7 16. h3 Kh8 17. d4 exd4 18. cxd4 c4 19. Bc2 b4 20. Qe2 b3 21. Bb1 d5 22.
exd5 Bb4 23. Rd1 Ba6 24. Rxa6 Nxa6 25. Qxc4 Rb6 26. Ne5 Bd6 27. Qd3 f5 28. Bf4
Qc7 29. Rc1 Qb7 30. Rc6 Nb4 31. Rxb6 Qxb6 32. Qc4 Qa6 33. Qxb3 Qa1 34. Kh2 Qxb1
35. Nf7+ Rxf7 36. Bxd6 h6 37. Qxb4 f4 38. Bxf4 Qe4 39. Bg3 Qxd5 40. Qc3 Rf5 41.
b4 Kg8 42. Qc8+ Kh7 43. Qc2 Kg8 44. Be5 Rf7 45. Qc8+ Rf8 46. Qc5 Qe6 47. Qc2 Qd5
48. Kg1 Rf7 49. Qc8+ Rf8 50. Qc5 Qe4 51. Qc4+ Kh7 52. Qc7 Qb1+ 53. Kh2 Qg6 54.
f4 h5 55. Qb7 Rf7 56. Qf3 h4 57. b5 Kg8 58. Qa8+ Rf8 59. Qf3 Rf7 60. Qb3 Qb6 61.
Qd5 Qb7 62. Qc6 Qxc6 63. bxc6 Ra7 64. d5 Kf7 65. d6 1-0

[Event "Sardinia World Open A"]
[Site "Orosei ITA"]
[Date "2025.04.30"]
[Round "5.3"]
[White "Kiolbasa, Oliwia"]
[Black "Bettalli, Francesco"]
[Result "1/2-1/2"]
[WhiteTitle "IM"]
[BlackTitle "FM"]
[WhiteElo "2361"]
[BlackElo "2355"]
[WhiteFideId "1154613"]
[BlackFideId "2816453"]
[EventDate "2025.04.27"]

1. Nf3 f5 2. d4 Nf6 3. g3 e6 4. Bg2 Be7 5. O-O Ne4 6. c4 d5 7. Qc2 c6 8. Nc3 Nd7
9. Rd1 b6 10. cxd5 exd5 11. Nxe4 dxe4 12. Qxc6 exf3 13. Bxf3 Rb8 14. Bh5+ g6 15.
Bxg6+ hxg6 16. Qxg6+ Kf8 17. Bh6+ Rxh6 18. Qxh6+ Kf7 19. Qh7+ Kf8 20. Qh6+ Kf7
21. Qh7+ 1/2-1/2

[Event "Sardinia World Open A"]
[Site "Orosei ITA"]
[Date "2025.04.30"]
[Round "5.4"]
[White "Fataliyeva, Ulviyya"]
[Black "Dardha, Daniel"]
[Result "0-1"]
[WhiteTitle "IM"]
[BlackTitle "GM"]
[WhiteElo "2387"]
[BlackElo "2650"]
[WhiteFideId "13403052"]
[BlackFideId "240990"]
[EventDate "2025.04.27"]

1. Nf3 Nf6 2. c4 e6 3. g3 d5 4. Bg2 d4 5. O-O c5 6. e3 Nc6 7. exd4 cxd4 8. d3
Bd6 9. Na3 O-O 10. Nc2 e5 11. b4 Re8 12. Re1 a6 13. Bg5 Bg4 14. h3 Bf5 15. Nh4
Bd7 16. Rb1 h6 17. Bxf6 Qxf6 18. Qf3 Qxf3 19. Nxf3 Bf5 20. Red1 Rac8 21. a4 Bh7
22. b5 Na5 23. Nfe1 Bc5 24. Bd5 axb5 25. axb5 b6 26. Na1 e4 27. Nb3 Nxb3 28.
Rxb3 e3 29. Ng2 exf2+ 30. Kxf2 g5 31. Rb2 Re5 32. Re1 Rxd5 33. cxd5 Bxd3 34. d6
Bxd6 35. Rd2 Rc3 36. Re8+ Kg7 37. Rd8 Bc5 38. Rb2 Be4 39. Kg1 d3+ 0-1

[Event "Sardinia World Open A"]
[Site "Orosei ITA"]
[Date "2025.04.30"]
[Round "5.5"]
[White "Urbani, Gabriel"]
[Black "Sonis, Francesco"]
[Result "0-1"]
[WhiteTitle "FM"]
[BlackTitle "GM"]
[WhiteElo "2277"]
[BlackElo "2576"]
[WhiteFideId "2830138"]
[BlackFideId "895733"]
[EventDate "2025.04.27"]

1. e4 g6 2. d4 Bg7 3. Nc3 a6 4. f4 d6 5. Nf3 b5 6. a3 Nd7 7. Be2 Bb7 8. e5 Nh6
9. O-O O-O 10. e6 Nb6 11. exf7+ Nxf7 12. Be3 Qc8 13. Qd2 c5 14. Ng5 Nxg5 15.
fxg5 Qc6 16. Rf3 cxd4 17. Bxd4 e5 18. Bf2 d5 19. Na2 Nc4 20. Bxc4 bxc4 21. Nb4
Qe6 22. Rxf8+ Rxf8 23. c3 d4 24. Nc2 Qg4 25. Bg3 Be4 26. Re1 Qf5 27. Nb4 a5 28.
Na6 Bd3 29. h3 dxc3 30. Qxc3 e4 31. Qd2 c3 32. bxc3 Bxa6 0-1

[Event "Sardinia World Open A"]
[Site "Orosei ITA"]
[Date "2025.04.30"]
[Round "5.6"]
[White "Samunenkov, Ihor"]
[Black "Favaloro, Andrea"]
[Result "1-0"]
[WhiteTitle "GM"]
[BlackTitle "IM"]
[WhiteElo "2572"]
[BlackElo "2422"]
[WhiteFideId "14187086"]
[BlackFideId "885940"]
[EventDate "2025.04.27"]

1. e4 e5 2. Nf3 Nc6 3. Bb5 a6 4. Ba4 Nf6 5. O-O Be7 6. Re1 b5 7. Bb3 d6 8. a4
Bd7 9. c3 O-O 10. d4 h6 11. h3 Re8 12. Bd2 Bf8 13. Bc2 Rb8 14. axb5 axb5 15. Bd3
b4 16. d5 bxc3 17. bxc3 Ne7 18. c4 Ng6 19. Nc3 Nh7 20. Be3 Be7 21. Ra7 Ng5 22.
Nd2 Ra8 23. Rxa8 Qc8 24. Rb8 Qxb8 25. Nb5 Qc8 26. Na7 Qd8 27. Bc2 Nh4 28. Ba4
Rf8 29. Bxd7 Qxd7 30. Qg4 f5 31. exf5 Qxf5 32. Nc6 Bf6 33. Bxg5 Bxg5 34. Ne4 Ra8
35. c5 dxc5 36. Nxc5 Ra2 37. Qxf5 Nxf5 38. Ne6 Bf6 39. Nxc7 Rd2 40. Nxe5 Ne7 41.
Nc4 Rd4 42. Ne3 Rd2 43. Kf1 Bg5 44. Nc4 Rd4 45. Ne6 Rxc4 46. Nxg5 Kf8 47. Ne6+
Kf7 48. Nd8+ 1-0

[Event "Sardinia World Open A"]
[Site "Orosei ITA"]
[Date "2025.04.30"]
[Round "5.7"]
[White "Amar, Elham"]
[Black "Kanyamarala, Tarun"]
[Result "1-0"]
[WhiteTitle "GM"]
[BlackTitle "IM"]
[WhiteElo "2546"]
[BlackElo "2386"]
[WhiteFideId "1533533"]
[BlackFideId "45004714"]
[EventDate "2025.04.27"]

1. e4 c5 2. Nf3 e6 3. d4 cxd4 4. Nxd4 a6 5. Bd3 Bc5 6. Nb3 Ba7 7. Nc3 Nc6 8. Qe2
d6 9. Be3 b5 10. O-O-O b4 11. Na4 Bd7 12. f4 Nb8 13. Bxa7 Rxa7 14. Qe3 Rb7 15.
Bxa6 Nxa6 16. Rxd6 Nb8 17. Rhd1 Nf6 18. Nbc5 Rc7 19. Nb6 O-O 20. Qd4 Rxc5 21.
Nxd7 Rxc2+ 22. Kxc2 Nbxd7 23. Kb1 Qc7 24. Rc1 Qb7 25. g4 Rd8 26. Rd1 Rc8 27. g5
Qc7 28. Qd3 Nd5 29. Rxd7 Qxd7 30. exd5 exd5 31. Qxd5 Qc7 32. Qd2 Rb8 33. Qd6 Qc8
34. Qd7 Qf8 35. f5 g6 36. h4 Rc8 37. f6 b3 38. axb3 h6 39. Qe7 hxg5 40. hxg5 Rb8
41. Rd7 Re8 42. b4 1-0

[Event "Sardinia World Open A"]
[Site "Orosei ITA"]
[Date "2025.04.30"]
[Round "5.8"]
[White "Zakin, Ilay"]
[Black "Sokolovsky, Yahli"]
[Result "0-1"]
[WhiteTitle "FM"]
[BlackTitle "GM"]
[WhiteElo "2254"]
[BlackElo "2546"]
[WhiteFideId "2848279"]
[BlackFideId "2820242"]
[EventDate "2025.04.27"]

1. e4 c5 2. Nf3 d6 3. Bb5+ Nd7 4. Ba4 Nf6 5. O-O a6 6. c4 e6 7. Qe2 Be7 8. d4
cxd4 9. Nxd4 O-O 10. Nc3 Qc7 11. f4 Nc5 12. Bc2 e5 13. Nf3 b5 14. f5 bxc4 15. g4
Nxg4 16. Qg2 Nf6 17. Bh6 g6 18. Bxf8 Kxf8 19. Ng5 gxf5 20. Nd5 Qa7 21. Kh1 h6
22. Nxf6 Bxf6 23. Nh7+ Ke7 24. Nxf6 Kxf6 25. Qd2 f4 26. Qxd6+ Ne6 27. Rad1 Bb7
28. Qb4 Rb8 29. Qe1 Ng5 30. Qh4 Ke7 31. Rfe1 Qb6 32. Ba4 Kf8 33. Rd7 Qg6 34. Bc2
Bc6 35. Rc7 Rxb2 36. Bb1 Rxb1 0-1

[Event "Sardinia World Open A"]
[Site "Orosei ITA"]
[Date "2025.04.30"]
[Round "5.9"]
[White "Moroni, Luca Jr"]
[Black "Yaniv, Yuval"]
[Result "1-0"]
[WhiteTitle "GM"]
[BlackTitle "IM"]
[WhiteElo "2545"]
[BlackElo "2407"]
[WhiteFideId "865834"]
[BlackFideId "2823900"]
[EventDate "2025.04.27"]

1. d4 Nf6 2. c4 g6 3. Nc3 Bg7 4. e4 d6 5. h3 O-O 6. Be3 Nbd7 7. g4 a6 8. f4 c5
9. Nf3 cxd4 10. Bxd4 e5 11. fxe5 Nxe5 12. Nxe5 dxe5 13. Bc5 Nd7 14. Bf2 b6 15.
Qd5 Rb8 16. Rd1 Qe7 17. Qd6 Qxd6 18. Rxd6 Re8 19. Nd5 Re6 20. Rxe6 fxe6 21. Ne7+
Kf7 22. Nc6 Ra8 23. Nb4 Bb7 24. Bg2 Rc8 25. b3 Nc5 26. Bxc5 Rxc5 27. Ke2 Rc8 28.
Nd3 a5 29. Rc1 Ke7 30. g5 Rd8 31. Rc3 Ba6 32. Ke3 Rc8 33. h4 h6 34. Bf3 Kd6 35.
Rc1 Bb7 36. c5+ bxc5 37. Nb2 Ba6 38. Be2 Bxe2 39. Kxe2 hxg5 40. hxg5 Rh8 41.
Nc4+ Kd7 42. Rf1 Ke7 43. a4 Rh5 44. Rg1 Rh3 45. Nxa5 c4 46. bxc4 Ra3 47. Rd1
Rxa4 48. Nc6+ Kf7 49. Rd7+ Kg8 50. Kd3 Ra1 51. Rb7 Bf8 52. Nxe5 Rd1+ 53. Ke2 Rg1
54. Nd7 Be7 55. c5 Rc1 56. c6 Rxc6 57. Ne5 Rc5 58. Nd3 Rc2+ 59. Kd1 Rc4 60. Rxe7
Rxe4 61. Nc5 Kf8 62. Nxe4 Kxe7 63. Ke2 e5 64. Ke3 Ke6 65. Ng3 Kd5 66. Kd3 e4+
67. Nxe4 Ke5 68. Ke3 Kf5 69. Kd4 Kf4 70. Kd5 Kf5 71. Kd6 1-0

[Event "Sardinia World Open A"]
[Site "Orosei ITA"]
[Date "2025.04.30"]
[Round "5.10"]
[White "Hercegovac, Neven"]
[Black "Raja, Harshit"]
[Result "0-1"]
[WhiteTitle "FM"]
[BlackTitle "GM"]
[WhiteElo "2238"]
[BlackElo "2474"]
[WhiteFideId "2839135"]
[BlackFideId "5089000"]
[EventDate "2025.04.27"]

1. e4 c5 2. Nc3 d6 3. d4 cxd4 4. Qxd4 Nc6 5. Qd2 g6 6. b3 Bh6 7. f4 Nf6 8. Bb2
O-O 9. O-O-O a5 10. a4 Nb4 11. Kb1 Qb6 12. Nf3 Bg4 13. Bc4 Rac8 14. h3 Bxf3 15.
gxf3 Rxc4 16. bxc4 Rc8 17. Qd4 Qxd4 18. Rxd4 Nc6 19. Nd5 Nd7 20. Rdd1 f6 21. h4
Kf7 22. h5 g5 23. fxg5 fxg5 24. Ne3 Nce5 25. Rd5 b6 26. Rhd1 Ke6 27. Nf5 Bf8 28.
f4 gxf4 29. Nd4+ Kf7 30. Rf1 Nxc4 31. Rxf4+ Nf6 32. Nb3 e5 33. Rf3 Ke6 34. Rd1
Nxe4 35. Bc1 d5 36. Rdf1 Be7 37. Rf7 Rh8 38. Rg7 Bf6 39. Rc7 Be7 40. Rg1 Rf8 41.
Rg7 Bd6 42. Rb7 Nc3+ 43. Ka1 Rf2 44. Bb2 Rf1+ 45. Bc1 Ba3 46. Rxh7 Bb2# 0-1

[Event "Sardinia World Open A"]
[Site "Orosei ITA"]
[Date "2025.04.30"]
[Round "5.11"]
[White "Martinovici, Ilia"]
[Black "Ibrayev, Nurlan"]
[Result "1/2-1/2"]
[WhiteTitle "IM"]
[BlackTitle "GM"]
[WhiteElo "2459"]
[BlackElo "2367"]
[WhiteFideId "13907034"]
[BlackFideId "13700650"]
[EventDate "2025.04.27"]

1. d4 Nf6 2. c4 e6 3. Nc3 Bb4 4. f3 O-O 5. a3 Bxc3+ 6. bxc3 Ne8 7. e4 b6 8. Bd3
Nc6 9. Ne2 Ba6 10. c5 Bxd3 11. Qxd3 d6 12. cxd6 cxd6 13. O-O Rc8 14. f4 d5 15.
e5 f5 16. g4 g6 17. h3 Na5 18. Be3 fxg4 19. hxg4 Qh4 20. g5 Ng7 21. Rf3 Nc4 22.
Raf1 Qg4+ 23. Rg3 Qf5 24. Bc1 Nh5 25. Rh3 Qxd3 26. Rxd3 b5 27. Kg2 Rc6 28. Rh3
Ra6 29. Rxh5 gxh5 30. Ng3 h4 31. Nh5 Nxa3 32. Nf6+ Kg7 33. f5 Nb1 34. Nh5+ Kg8
35. Nf6+ Kg7 36. Nh5+ Kh8 37. f6 Nxc3 38. Nf4 Ne4 39. g6 Nxf6 40. g7+ Kxg7 41.
exf6+ Kxf6 42. Nh5+ Kg6 43. Rxf8 Kxh5 44. Rg8 h6 45. Kf3 Rc6 46. Be3 b4 47. Rh8
Kg6 48. Rxh6+ Kg7 49. Rxh4 b3 50. Rh1 a5 51. Rb1 a4 52. Ke2 Ra6 53. Kd3 a3 54.
Kc3 b2 55. Kb3 Kg6 56. Ka2 Kf5 57. Bd2 Ra4 58. Bc3 Ke4 59. Kb3 Ra6 60. Ka2 Ra4
61. Kb3 Ra6 62. Ka2 Kd3 63. Bb4 Kxd4 64. Bxa3 Kc3 65. Rxb2 d4 66. Rb8 e5 67. Re8
Ra5 68. Rc8+ Kd3 69. Kb3 e4 70. Bb4 Rb5 71. Rc1 Rb7 72. Rd1+ Ke3 73. Kc4 Rc7+
74. Kd5 d3 75. Re1+ Kf3 76. Bd2 Rc2 77. Re3+ Kf2 78. Kxe4 Rxd2 79. Rxd3 Rxd3 80.
Kxd3 1/2-1/2

[Event "Sardinia World Open A"]
[Site "Orosei ITA"]
[Date "2025.04.30"]
[Round "5.12"]
[White "Knaak, Rainer"]
[Black "Noy, Eyal"]
[Result "1-0"]
[WhiteTitle "GM"]
[BlackTitle "FM"]
[WhiteElo "2472"]
[BlackElo "2346"]
[WhiteFideId "4611250"]
[BlackFideId "2821117"]
[EventDate "2025.04.27"]

1. d4 Nf6 2. c4 e6 3. Nc3 Bb4 4. f3 d5 5. a3 Be7 6. e4 dxe4 7. fxe4 e5 8. d5 O-O
9. Nf3 Nbd7 10. Bd3 c6 11. O-O cxd5 12. cxd5 a6 13. Kh1 b5 14. Qe1 Re8 15. Be3
Ng4 16. Bd2 Rb8 17. b4 Bb7 18. Rd1 Rc8 19. Qg3 Ngf6 20. Qh3 Bf8 21. Ne2 Bxd5 22.
exd5 e4 23. Bb1 exf3 24. Qxf3 Ne5 25. Qh3 Ng6 26. Nf4 Bd6 27. Nd3 Rc4 28. Bg5
Be7 29. Bxf6 Bxf6 30. Nc5 Rh4 31. Qd7 Qb8 32. h3 Re2 33. d6 Nf4 34. Be4 g6 35.
Qc7 Qd8 36. Qxd8+ Bxd8 37. Bf3 Rc2 38. Kg1 Ne6 39. Rfe1 Bb6 40. Kh1 Nf4 41. d7
Nxh3 42. d8=Q+ Bxd8 43. Rxd8+ Kg7 44. Kh2 g5 45. Kg3 Nf2 46. Ne4 Nh1+ 47. Rxh1
Rxh1 48. Nxg5 Rc3 49. Rd7 Rxa3 50. Nxf7 Kf6 51. Nd8 h5 52. Nc6 Ke6 53. Rh7 Kd6
54. Rh6+ Kc7 55. Kf4 Rc1 56. Rh7+ Kb6 57. Na5 Rc7 58. Rxh5 Rf7+ 59. Ke5 Re3+ 60.
Kd4 Re6 61. Kd5 Rg6 62. Rh8 Rf4 63. Be4 Rg5+ 64. Kd6 Rf6+ 65. Ke7 Rf4 66. Rh6+
Kc7 67. Rc6+ Kb8 68. Re6 Kc7 69. Rc6+ Kb8 70. Bf3 Rxb4 71. Rxa6 Rb2 72. Nc6+ Kc7
73. Nd4 Rg7+ 74. Kf6 Rgxg2 75. Ne6+ Kc8 76. Ra8+ Kd7 77. Rd8# 1-0

[Event "Sardinia World Open A"]
[Site "Orosei ITA"]
[Date "2025.04.30"]
[Round "5.13"]
[White "Balinski, Damian"]
[Black "Lodici, Lorenzo"]
[Result "0-1"]
[BlackTitle "GM"]
[WhiteElo "2183"]
[BlackElo "2570"]
[WhiteFideId "1120913"]
[BlackFideId "884189"]
[EventDate "2025.04.27"]

1. e4 e5 2. Nf3 Nc6 3. Bc4 Nf6 4. d3 Be7 5. c3 O-O 6. O-O d6 7. a4 Be6 8. Nbd2
a5 9. Re1 h6 10. Bxe6 fxe6 11. Nf1 Qd7 12. Ng3 Rf7 13. Rb1 b6 14. b3 Raf8 15.
Re2 d5 16. Qc2 d4 17. Bb2 Bc5 18. Rc1 dxc3 19. Bxc3 Ng4 20. Rf1 Rxf3 21. gxf3
Rxf3 22. Rd2 Qd8 23. Qb1 Qh4 24. Kg2 Nxh2 25. Rh1 Bxf2 26. Rxh2 Qxg3+ 27. Kh1
Be1 0-1

[Event "Sardinia World Open A"]
[Site "Orosei ITA"]
[Date "2025.04.30"]
[Round "5.14"]
[White "Admiraal, Miguoel"]
[Black "Sitbon, Itay"]
[Result "1-0"]
[WhiteTitle "IM"]
[WhiteElo "2454"]
[BlackElo "2177"]
[WhiteFideId "1019716"]
[BlackFideId "2820706"]
[EventDate "2025.04.27"]

1. d4 Nf6 2. Bf4 d5 3. e3 e6 4. Nf3 Bd6 5. Bd3 Bxf4 6. exf4 Qd6 7. Qd2 b6 8. Nc3
Ba6 9. Bxa6 Nxa6 10. Qe2 Nb8 11. f5 O-O 12. Nb5 Qe7 13. fxe6 fxe6 14. O-O Ne4
15. c4 Nc6 16. Rac1 Qd7 17. Nxc7 Rac8 18. Nb5 Rf5 19. Nc3 Rxf3 20. Qxf3 Nd2 21.
Qg4 h5 22. Qxh5 Nxf1 23. cxd5 Nd2 24. dxc6 Rxc6 25. Re1 Qf7 26. Qg5 Nc4 27. Qd8+
Qf8 28. Qd7 Rd6 29. Qxa7 Nxb2 30. Qa6 Qf5 31. Re4 Qf6 32. Qe2 Rc6 33. Qxb2 Qf5
34. Re3 b5 35. h3 Rc8 36. Qxb5 Qc2 37. Qb3 Qc1+ 38. Kh2 Re8 39. Qd1 Qa3 40. Qh5
Qd6+ 41. Qe5 1-0

[Event "Sardinia World Open A"]
[Site "Orosei ITA"]
[Date "2025.04.30"]
[Round "5.15"]
[White "Rosh, Jain"]
[Black "Lumachi, Gabriele"]
[Result "0-1"]
[WhiteTitle "FM"]
[BlackTitle "IM"]
[WhiteElo "2150"]
[BlackElo "2443"]
[WhiteFideId "25789465"]
[BlackFideId "2817247"]
[EventDate "2025.04.27"]

1. e4 c5 2. Nf3 d6 3. d4 cxd4 4. Nxd4 Nf6 5. Nc3 a6 6. Rg1 h5 7. Be3 e6 8. h3 h4
9. g4 hxg3 10. Rxg3 Qc7 11. a3 b5 12. Bg2 Bb7 13. Qe2 Nbd7 14. O-O-O Rc8 15. Bg5
Be7 16. f4 Nh5 17. Rg4 Bxg5 18. Rxg5 Nxf4 19. Qg4 e5 20. Nf5 Nf6 21. Nxd6+ Kf8
22. Qf3 Ne6 23. Rxe5 Rd8 24. Rxe6 fxe6 25. Qf4 Kg8 26. e5 Nh5 27. Qg5 Bxg2 28.
Qxg2 Qe7 29. Qg4 Rf8 30. Ne2 Rh6 31. Rg1 Qa7 32. Qg5 Qf2 33. Qg4 Rf3 34. Nc3 Rg3
35. Rxg3 Qe1+ 36. Nd1 Nxg3 37. c3 Qxe5 38. Nc8 Nf5 39. Qf3 Kh7 40. Na7 Qd5 0-1

[Event "Sardinia World Open A"]
[Site "Orosei ITA"]
[Date "2025.04.30"]
[Round "5.16"]
[White "Fromm, Marius"]
[Black "Marzano, Carlo"]
[Result "1-0"]
[WhiteTitle "IM"]
[WhiteElo "2436"]
[BlackElo "2131"]
[WhiteFideId "12993190"]
[BlackFideId "802980"]
[EventDate "2025.04.27"]

1. c4 e5 2. Nc3 d6 3. Nf3 Be7 4. d4 Nd7 5. e4 Ngf6 6. Be2 O-O 7. O-O a5 8. Re1
c6 9. Bf1 Qc7 10. h3 Re8 11. Be3 Bf8 12. Qc2 b6 13. d5 Bb7 14. Rac1 Nc5 15. Nd2
Nfd7 16. b3 Rec8 17. a3 Qd8 18. Qb1 Rcb8 19. Qc2 Rc8 20. Ra1 Na6 21. dxc6 Bxc6
22. Qb2 Nac5 23. b4 axb4 24. axb4 Ne6 25. Nd5 Rcb8 26. Rxa8 Rxa8 27. Ra1 Rxa1
28. Qxa1 Qb8 29. g3 Nc7 30. h4 h5 31. Bh3 b5 32. Qa5 Ne6 33. Bf1 bxc4 34. Bxc4
Nd4 35. Bxd4 exd4 36. Nf3 Ne5 37. Nxd4 Nxc4 38. Nxc6 Qe8 39. Qd8 Qxd8 40. Nxd8
Nd2 41. b5 Nxe4 42. b6 Nc5 43. b7 Nxb7 44. Nxb7 g6 45. Kg2 Bg7 46. Nxd6 Ba1 47.
Kf3 Be5 48. Ne4 Kg7 49. Ng5 Bb2 50. Ke4 Ba3 51. Ne3 Bb4 52. Nc4 Bc5 53. Kf3 Be7
54. Ne5 f6 55. Ne6+ Kh6 56. Nc6 Bd6 57. Ke4 Ba3 58. Kd5 Bc1 59. Ne7 Bb2 60. Nf4
g5 61. Nf5+ Kh7 62. Nxh5 Kg6 63. Nhg7 gxh4 64. gxh4 Kf7 65. h5 Bc1 66. h6 Kg6
67. Ke6 Bb2 68. Nh5 Bc3 69. Nf4+ Kh7 70. Kf7 Be1 71. f3 Bd2 72. Ne6 Bc3 73. Nf8+
Kh8 74. Nh4 1-0

[Event "Sardinia World Open A"]
[Site "Orosei ITA"]
[Date "2025.04.30"]
[Round "5.17"]
[White "Van der Lende, Ilias"]
[Black "Federer, Colin"]
[Result "1-0"]
[WhiteTitle "IM"]
[WhiteElo "2410"]
[BlackElo "2103"]
[WhiteFideId "1019260"]
[BlackFideId "1345117"]
[EventDate "2025.04.27"]

1. c4 Nf6 2. g3 g6 3. b3 Bg7 4. Bb2 O-O 5. Bg2 d6 6. d4 c5 7. Nf3 Ne4 8. O-O Qa5
9. Qc2 Bf5 10. g4 Ng3 11. gxf5 Nxf1 12. Kxf1 Nc6 13. Bc3 Qb6 14. d5 Nd4 15. Nxd4
cxd4 16. Bb2 Qc5 17. Nd2 b5 18. Rc1 Rfc8 19. Bh3 Rc7 20. fxg6 hxg6 21. Qd3 Rb8
22. Ne4 Qb6 23. Rc2 bxc4 24. bxc4 Qa5 25. Kg2 Qa4 26. Ng5 Rcb7 27. Bxd4 Bxd4 28.
Be6 Kf8 29. Qxd4 1-0